header

Evaluating welfare reform in an era of transition (Record no. 28363)

MARC details
000 -LEADER
fixed length control field 01595nam a22003494a 4500
082 04 - DEWEY DECIMAL CLASSIFICATION NUMBER
Classification number 361.973
245 00 - TITLE STATEMENT
Title Evaluating welfare reform in an era of transition
260 ## - PUBLICATION, DISTRIBUTION, ETC. (IMPRINT)
Place of publication Washington, DC :
Name of publisher National Academy Press,
Year of publication c2001.
300 ## - PHYSICAL DESCRIPTION
Number of Pages xii, 253 p. :
Other physical details ill.
500 ## - GENERAL NOTE
General note "Committee on National Statistics, Division of Behavioral and Social Sciences and Education, National Research Council."
650 #0 - SUBJECT ADDED ENTRY--TOPICAL TERM
Topical Term Public welfare
Topical Term Public welfare administration
Topical Term Social surveys
700 1# - ADDED ENTRY--PERSONAL NAME
Personal name Moffitt, Robert.
Personal name Ver Ploeg, Michele.
856 40 - ELECTRONIC LOCATION AND ACCESS
Uniform Resource Identifier http://site.ebrary.com/lib/rucke/Doc?id=10068415

No items available.

© 2026 Rongo University
Contact us: librarian | system librarian | Rongo university